Risk, Social Policy And Welfare : (Record no. 619484)

MARC details
000 -LEADER
fixed length control field 00522nam a2200193 a 4500
008 - FIXED-LENGTH DATA ELEMENTS--GENERAL INFORMATION
fixed length control field 260416s2001##################000#0#eng##
020 ## - INTERNATIONAL STANDARD BOOK NUMBER
ISBN 9780335204090
082 04 - DEWEY DECIMAL CLASSIFICATION NUMBER
Classification number 361.610941
Item number KEM
100 1# - MAIN ENTRY--AUTHOR NAME
Personal name Kemshall, Hazel,
245 10 - TITLE STATEMENT
Title Risk, Social Policy And Welfare :
260 ## - PUBLICATION, DISTRIBUTION, ETC. (IMPRINT)
Name of publisher McGraw-Hill Education (UK),
Year of publication 2001.
300 ## - PHYSICAL DESCRIPTION
Number of Pages 173 pages
650 #0 - SUBJECT ADDED ENTRY--TOPICAL TERM
Topical Term Social Science.
942 ## - ADDED ENTRY ELEMENTS (KOHA)
Koha item type English Books
Holdings
Withdrawn status Lost status Damaged status Not for loan Home library Current library Shelving location Date acquired Full call number Accession Number Price effective from Koha item type
        Anna Centenary Library Anna Centenary Library 4TH FLOOR, A WING 16.04.2026 361.610941 KEM 313263 16.04.2026 English Books

Find us on the map